Competitiveness of Enterprises in Achieving Sustainable Development Objectives

Ciele udržateľného rozvoja a ich implementácia v súvislosti s konkurencieschopnosťou podniku. Globálne ciele udržateľného rozvoja dokumentu „2030 Agenda pre udržateľný rozvoj“, prijatie cieľov na úrovni EÚ, šesť cieľov Slovenskej republiky pre udržateľný rozvoj. Strategické plánovanie v súvislosti n...

Descripción completa

Guardado en:
Detalles Bibliográficos
Autor principal: Marhefková, Anna, 1967-
Formato: Capítulo de libro
Lenguaje:eslovaco
Materias:
Etiquetas: Agregar Etiqueta
Sin Etiquetas, Sea el primero en etiquetar este registro!

MARC

LEADER 00000naa$a2200000$$$4500
001 0281070
005 20240530070241.4
041 0 |a slo 
044 |a CZ 
245 1 0 |a Competitiveness of Enterprises in Achieving Sustainable Development Objectives  |c Anna Marhefková 
520 |a Ciele udržateľného rozvoja a ich implementácia v súvislosti s konkurencieschopnosťou podniku. Globálne ciele udržateľného rozvoja dokumentu „2030 Agenda pre udržateľný rozvoj“, prijatie cieľov na úrovni EÚ, šesť cieľov Slovenskej republiky pre udržateľný rozvoj. Strategické plánovanie v súvislosti na konkurencieschopnosť podnikov, ukazovatele hodnotiace základné piliere trvalej udržateľnosti, ukazovatele pre sledovanie udržateľnosti podniku. 
610 2 0 |a rozvoj trvalo udržateľný 
610 2 0 |a rozvoj podniku 
610 2 0 |a konkurencieschopnosť 
610 2 0 |a ciele podnikové 
100 1 |a Marhefková, Anna, 1967-